| 000 | 00562nam a22002057a 4500 | ||
|---|---|---|---|
| 999 |
_c21689 _d21689 |
||
| 001 | 11780712 | ||
| 003 | OSt | ||
| 005 | 20210701120918.0 | ||
| 008 | 170201b xxu||||| |||| 00| 0 eng d | ||
| 010 | _a 99046581 | ||
| 020 | _a0137738471 | ||
| 040 |
_aMMU _cMMU _dMMU _beng |
||
| 050 | 0 | 0 |
_aR724 _b.B65 2000 |
| 100 | 1 |
_aBoylan, Michael, _d1952- |
|
| 245 | 1 | 0 |
_aMedical ethics / _cMichael Boylan. |
| 260 |
_aUpper Saddle River, NJ : _bPrentice Hall, _c2000. |
||
| 300 |
_axvi, 447 p. : _bports. ; _c25 cm. |
||
| 650 | 0 | _aMedical ethics. | |
| 942 |
_2lcc _cLOAN LOAN |
||